00830nam a2200253 i 4500001000700000003000900007005001700016007000300033008004100036245017300077250001200250260003300262300004600295490002900341504001200370651003000382700002100412700003000433700002500463700002400488700001400512830002900526852002100555110665ES-MaACL20240503104452.0t|070116s1958 sp ||||1| spa d00aAlemania / cDoré Ogrizek; prólogo de Jean Cocteau; textos de Ludwig Benninghoff...[et al.]; coordinado por Brigitte Lohmeyer; ilustraciones de Beuville...[et al.]. a1ª ed. aMadrid : bCastilla, c1958. a463 p. : bil. col. y n., map. ; c18 cm.1 aEl mundo en color ; v15 aIndice. 4aAlemania-xDescripción.1 aOgrizek, Doré.1 aCocteau, Jean,d1889-19631 aBenninghoff, Ludwig.1 aLohmeyer, Brigitte.1 aBeuville.0 aEl mundo en color ; v15 aES-MaACLjE-3766